| 000 | 00561nam a2200217Ia 4500 | ||
|---|---|---|---|
| 003 | OSt | ||
| 005 | 20220924152913.0 | ||
| 006 | a|||||r|||| 00| 0 | ||
| 007 | ta | ||
| 008 | 220923b |||||||| |||| 00| 0 ara d | ||
| 024 | _a345844 | ||
| 037 | _cTextual | ||
| 040 |
_aARTS _cARTS _bara |
||
| 041 |
_2ara _aara |
||
| 082 | _aZ(Q72),91, 28F1.1-.8 | ||
| 245 | 0 | _aKitab miftah al-karama fi sharah qawaid al-alama | |
| 260 | _c1921 | ||
| 650 | _aISLAMIC LAW | ||
| 942 |
_hZ(Q72),91, 28F1.1-.8 _cTEXL _2CC |
||
| 999 |
_c471517 _d471517 |
||